| Tag |
First Indicator |
Second Indicator |
Subfields |
| LEADER |
00000cam a2200000 4500 |
| 001 |
in00000075346 |
| 005 |
20151008052628.0 |
| 008 |
750715s1939 ilu 00000 eng u |
| 010 |
|
|
|a 39004891
|
| 035 |
|
|
|a (OCoLC)01449788
|
| 035 |
|
|
|9 AAH4197AM
|
| 040 |
|
|
|c JPL
|d TXA
|d UtOrBLW
|
| 049 |
|
|
|a TXAM
|c [456159]
|
| 050 |
0 |
0 |
|a HD4431
|b .S8
|
| 082 |
0 |
|
|a 352.5
|
| 092 |
|
|
|a 352.5
|b S877m
|
| 100 |
1 |
|
|a Stone, Donald Crawford.
|
| 245 |
1 |
4 |
|a The management of municipal public works /
|c by Donald C. Stone ...
|
| 264 |
|
1 |
|a Chicago :
|b Public administration service,
|c 1939.
|
| 300 |
|
|
|a xv, 344 pages :
|b diagrams, forms. ;
|c 25 cm.
|
| 336 |
|
|
|a text
|b txt
|2 rdacontent
|
| 337 |
|
|
|a unmediated
|b n
|2 rdamedia
|
| 338 |
|
|
|a volume
|b nc
|2 rdacarrier
|
| 650 |
|
0 |
|a Municipal government
|z United States.
|
| 650 |
|
0 |
|a Public works
|z United States.
|
| 710 |
2 |
|
|a Public Administration Service.
|
| 999 |
|
|
|a MARS
|
| 999 |
f |
f |
|s 3b9af688-249e-32f0-8b71-80ead1bd39b8
|i a218cadb-ec5a-327a-b983-747ee4225395
|t 0
|
| 952 |
f |
f |
|p ric
|a Texas A&M University
|b Rellis Campus
|c Joint Library Facility
|d Remote Storage
|t 0
|e HD4431 .S8
|h Library of Congress classification
|i unmediated -- volume
|m A14800798244
|
| 998 |
f |
f |
|a HD4431 .S8
|t 0
|l Remote Storage
|